000 00568nam a2200229Ia 4500
003 OSt
005 20221005115147.0
006 a|||||r|||| 00| 0
007 ta
008 221004b |||||||| |||| 00| 0 eng d
024 _a39401
037 _cTextual
040 _aCRL
_cCRL
_beng
041 _2eng
_aeng
082 _aO:3M52:27, G7
100 _aMoore George
245 0 _aBrooke Kerith
_b A syrian story
260 _c1937
650 _aENGLISH LITERATURE
942 _hO:3M52:27, G7
_cTEXL
_2cc
999 _c1033608
_d1033608